200 [as printed] Jahre amerikanische Malerei, 1776-1976 : eine Ausstellung des Rheinischen Landesmuseums Bonn und der Botschaft der Vereinigten Staaten von Amerika, 30.6.-1.8.1976 : [Katalog /

Bibliographic Details
Corporate Authors: Rheinisches Landesmuseum Bonn, United States. Embassy (Germany : West)
Other Authors: Honnef, Klaus, Krüger, Ingeborg, 1943-
Format: Book
Language:German
Published: Bonn : Rheinisches Landesmuseum, [1976]
Subjects:

MARC

Tag First Indicator Second Indicator Subfields
LEADER 00000cam a2200000 i 4500
001 in00000734603
005 20151016081159.0
008 761201s1976 gw a c 00100 ger
010 |a  76485919  
015 |a GFR*** 
035 |a (OCoLC)02647359 
035 |9 ADG4315AM 
040 |a DLC  |c DLC  |d m.c.  |d TXA  |d UtOrBLW 
043 |a n-us--- 
049 |a TXAS  |c [A11563775] 
050 4 |a ND205  |b .Z83 1976 
245 0 0 |a 200 [as printed] Jahre amerikanische Malerei, 1776-1976 :  |b eine Ausstellung des Rheinischen Landesmuseums Bonn und der Botschaft der Vereinigten Staaten von Amerika, 30.6.-1.8.1976 : [Katalog /  |c Redaktion Klaus Honnef, Ingeborg Krüger]. 
264 1 |a Bonn :  |b Rheinisches Landesmuseum,  |c [1976] 
300 |a approximately 150 pages :  |b numerous illustrations (some color) ;  |c 24 cm. 
336 |a text  |b txt  |2 rdacontent 
337 |a unmediated  |b n  |2 rdamedia 
338 |a volume  |b nc  |2 rdacarrier 
500 |a Includes index. 
650 0 |a Painting, American  |y 19th century  |v Exhibitions. 
650 0 |a Painting, American  |y 20th century  |v Exhibitions. 
650 0 |a Painting, Colonial  |z United States  |x Exhibitions. 
700 1 |a Honnef, Klaus. 
700 1 |a Krüger, Ingeborg,  |d 1943- 
710 2 |a Rheinisches Landesmuseum Bonn. 
710 1 |a United States.  |b Embassy (Germany : West) 
999 |a MARS 
999 f f |s 7004c8ce-2991-3b72-a77e-a8fce96f9dff  |i 1ca71916-e4ee-3719-945b-85cff8c93536  |t 0 
952 f f |p noncirc  |a Texas A&M University  |b College Station  |c Cushing Memorial Library & Archives  |d Cushing: Dykes (Does not check out)  |t 0  |e ND205 .Z83 1976  |h Library of Congress classification  |i unmediated -- volume  |m A14853127727 
998 f f |a ND205 .Z83 1976  |t 0  |l Cushing: Dykes (Does not check out)